Latin, a structural approach. (Record no. 123476)
[ view plain ]
| 000 -LEADER | |
|---|---|
| fixed length control field | 00658cam a22002291 4500 |
| 001 - CONTROL NUMBER | |
| control field | 9342783 |
| 003 - CONTROL NUMBER IDENTIFIER | |
| control field | ARRUPE |
| 005 - DATE AND TIME OF LATEST TRANSACTION | |
| control field | 20151007121207.0 |
| 008 - FIXED-LENGTH DATA ELEMENTS--GENERAL INFORMATION | |
| fixed length control field | 720515s1957 miua 000 0 eng |
| 010 ## - LIBRARY OF CONGRESS CONTROL NUMBER | |
| LC control number | 57013300 |
| 035 ## - SYSTEM CONTROL NUMBER | |
| System control number | (OCoLC)307995 |
| 040 ## - CATALOGING SOURCE | |
| Original cataloging agency | DLC |
| Transcribing agency | ODaWU |
| Modifying agency | OCoLC |
| -- | DLC |
| 050 00 - LIBRARY OF CONGRESS CALL NUMBER | |
| Classification number | PA2080 |
| Item number | .S35 |
| 082 ## - DEWEY DECIMAL CLASSIFICATION NUMBER | |
| Classification number | 475 |
| 300 ## - PHYSICAL DESCRIPTION | |
| Other physical details | illus. |
| Dimensions | 24 cm. |
| 100 1# - MAIN ENTRY--PERSONAL NAME | |
| Personal name | Sweet, Waldo E. |
| 9 (RLIN) | 20144 |
| 245 10 - TITLE STATEMENT | |
| Title | Latin, a structural approach. |
| 260 ## - PUBLICATION, DISTRIBUTION, ETC. (IMPRINT) | |
| Place of publication, distribution, etc | Ann Arbor, |
| Name of publisher, distributor, etc | University of Michigan Press |
| Date of publication, distribution, etc | 1957 |
| 300 ## - PHYSICAL DESCRIPTION | |
| Extent | x, 520p.; |
| 650 #0 - SUBJECT ADDED ENTRY--TOPICAL TERM | |
| Topical term or geographic name as entry element | Latin language |
| General subdivision | Grammar. |
| Chronological subdivision | 1870 |
| 9 (RLIN) | 20145 |
| 906 ## - LOCAL DATA ELEMENT F, LDF (RLIN) | |
| a | 7 |
| b | cbc |
| c | oclcrpl |
| d | u |
| e | ncip |
| f | 19 |
| g | y-gencatlg |
| 942 ## - ADDED ENTRY ELEMENTS (KOHA) | |
| Source of classification or shelving scheme | Library of Congress Classification |
| Koha item type | Monograph ( Printed materials) |
| Withdrawn status | Lost status | Source of classification or shelving scheme | Damaged status | Not for loan | Collection code | Home library | Current library | Shelving location | Date acquired | Total Checkouts | Full call number | Barcode | Date last seen | Price effective from | Koha item type |
|---|---|---|---|---|---|---|---|---|---|---|---|---|---|---|---|
| Library of Congress Classification | Main Collection | ARRUPE LIBRARY | ARRUPE LIBRARY | Main Collection | 07/10/2015 | PA2080.S35 | 46500005551 | 27/03/2019 | 07/10/2015 | Monograph ( Printed materials) |